| 000 | 00867cam a2200217 4500 | ||
|---|---|---|---|
| 001 | WS121968 | ||
| 008 | 030414n 000 0 eng u | ||
| 035 | _a(Sirsi) u121968 | ||
| 110 |
_aEuropean Council of Real Estate Professions _94424 |
||
| 245 | _aEuropean Council of Real Estate Professions | ||
| 520 | _aWeb site for this non-profit organisation representing more than 70,000 property professionals whose aim is to study EU regulations and legislation relating to real estate. Includes links to their journal 'CEPI Info'. Site in English and French. | ||
| 650 | _aEUROPE | ||
| 650 | _aINTERNATIONAL | ||
| 650 | _aEUROPEAN UNION | ||
| 650 | _aLEGISLATION | ||
| 650 | _aEC DIRECTIVES | ||
| 650 | _aREGULATIONS | ||
| 690 | _aPROPERTY-COMMERCIAL PROPERTY | ||
| 856 | 4 | 0 |
_uhttps://www.cepi.be _zView the website free of charge at www.cepi.be... |
| 942 | _n0 | ||
| 999 |
_c120254 _d120254 |
||